Fill the Map of North America by Guessing Currencies - Statistics

General Stats
  • This quiz has been taken 284 times
  • The average score is 20 of 23
Answers on the Map
Answers color-coded by a green-red scale on the quiz's map according to % correct below.
 
Answer Stats
Country % Correct
Bahamian Dollar
100%
Barbadian Dollar
100%
Belize Dollar
100%
Canadian Dollar
100%
East Caribbean Dollar
100%
East Caribbean Dollar
100%
East Caribbean Dollar
100%
East Caribbean Dollar
100%
East Caribbean Dollar
100%
East Caribbean Dollar
100%
Jamaican Dollar
100%
Panamanian Balboa / United States Dollar
100%
Trinidad and Tobago Dollar
100%
United States Dollar
100%
United States Dollar / Bitcoin
100%
Cuban Peso
98%
Mexican Peso
98%
Dominican Peso
97%
Guatemalan Quetzel
48%
Costa Rican Colón
39%
Haitian Gourde
32%
Nicaraguan Córdoba
31%
Honduran Lempira
30%
No matching quizzes found
Score Distribution
Percent of People with Each Score
Percentile by Number Answered
Your Score History
You have not taken this quiz